• 首页
  • 本馆介绍
  • 公告通知
  • 最新文献
  • 馆藏检索
  • 电子资源
  • 读者导购
  • 参考咨询
  • 我的图书馆
  • 登录
  • 详细信息显示
  • 放入我的书架
  • 预约/预借图书
  • 作者相关作品
  • 分类相关作品
  • 丛书相关作品
  • 出版社相关作品

书目信息

  • 表格格式
  • 工作单格式
  • 卡片格式
题名:
古玉
    
 
作者: 杨广友 著
分册:  
出版信息: 北京   现代出版社  2015
页数: 244页
开本: 26cm
丛书名: 赏玩系列丛书
单 册:
中图分类: G262.3 , K876.84 , K876.84
科图分类:
主题词: 古玉器--收藏--中国 , 古玉器--鉴赏--中国 , 古玉器--收藏--中国 , 古玉器--鉴赏--中国 , 文物--考古--中国 , 文物--考古--中国
电子资源:
ISBN: 978-7-5143-3427-2
000 01067nam0 2200325 450
001 2697
001 01XX11924506@CSLN
005 20161214141942.00
010    @a978-7-5143-3427-2@dCNY90.00
100    @a20150706d2015 em y0chiy50 ea
101 0  @achi
102    @aCN@b110000
105    @aa z 000yy
200 1  @a古玉@9gu yu@f杨广友著
210    @a北京@c现代出版社@d2015
215    @a244页@c彩图@d26cm
225 1  @a赏玩系列丛书@f臧长风主编
330    @a本书介绍了玉的造型、玉材、玉色、纹饰、工艺等多方面的知识,对不同种类的玉器进行了分析,阐述了各个时期玉器的特征,并讲解了古玉的鉴赏、常见的作伪手法等,将玉器研究和美学鉴赏完美地融合在一起。
606 0  @a古玉器@x收藏@y中国
606 0  @a古玉器@x鉴赏@y中国
606    @a古玉器@x收藏@y中国
606    @a古玉器@x鉴赏@y中国
606 0  @a文物@x考古@x中国
606 0  @a文物@x考古@x中国
690    @aG262.3@v5
690    @aK876.84@v5
690    @aK876.84@v4
701  0 @a杨广友@9yang guang you@c(古玉)@4著
801  0 @aCN@b大连网信软件有限公司图书馆·11@c20161214
905    @aZUCC@dK876.84@e324
    
    古玉/杨广友著.-北京:现代出版社,2015
    244页:彩图;26cm.-(赏玩系列丛书/臧长风主编)
    
    
    ISBN 978-7-5143-3427-2:CNY90.00
    本书介绍了玉的造型、玉材、玉色、纹饰、工艺等多方面的知识,对不同种类的玉器进行了分析,阐述了各个时期玉器的特征,并讲解了古玉的鉴赏、常见的作伪手法等,将玉器研究和美学鉴赏完美地融合在一起。
●
相关链接 在E读中查询图书 在五车中查询图书 在当当中查询图书 在豆瓣中查询图书


正题名:古玉     索取号:K876.84/324         预约/预借

序号 登录号 条形码 馆藏地/架位号 状态 备注
1 910356   209103566   第二样本阅览室/ [索取号:K876.84/324] 在馆    
2 910357   209103575   第二借阅区/ [索取号:K876.84/324] 在馆    
3 910358   209103584   第二借阅区/ [索取号:K876.84/324] 在馆    
4 910359   209103593   第二借阅区/ [索取号:K876.84/324] 在馆    
5 910360   209103600   第二借阅区/ [索取号:K876.84/324] 在馆    
唐山师范学院图书馆 欢迎您!
大连网信软件有限公司© 版权所有